| 000 | 00594nam a2200217 a 4500 | ||
|---|---|---|---|
| 001 | 54718 | ||
| 003 | BD-RjUL | ||
| 005 | 20211209080148.0 | ||
| 008 | 161109s1968 enka|||| |||| 001 0 eng d | ||
| 035 | _a(BD-RjUL)54840 | ||
| 040 |
_aBD-RjUL _beng _cBD-RjUL |
||
| 041 | _aeng | ||
| 082 |
_223 _a003.3 _bSMC 1968 |
||
| 100 |
_aSmith, John _9163150 |
||
| 245 |
_aComputer simulation models / _cJohn Smith |
||
| 260 |
_aLondon : _bGriffin, _cc1968. |
||
| 300 |
_axi, 112 p. : _bill. ; _c21 cm. |
||
| 500 | _aIncludes index | ||
| 650 |
_aComputer modeling and simulation. _9163151 |
||
| 942 |
_2ddc _cBK |
||
| 999 |
_c54718 _d54718 |
||